Sports Quiz

Random Sports or Basketball Quiz
Score 0/34 Timer 08:00
4 Plays Today
Team % Correct
Green Bay Packers
90.2%
New England Patriots
75.4%
Vancouver Canucks
72.9%
Portland Trailblazers
71.9%
Oklahoma City Thunder
71.4%
Montreal Canadiens
71.3%
San Antonio Spurs
71%
Jacksonville Jaguars
70.8%
Utah Jazz
70.2%
Golden State Warriors
69%
Florida Panthers
68.5%
Tennessee Titans
68%
Calgary Flames
65.6%
Edmonton Oilers
65.4%
Las Vegas Raiders
64.9%
Winnipeg Jets
64.4%
Indiana Pacers
64.3%
Team % Correct
Columbus Blue Jackets
63.7%
Ottawa Senators
63.5%
New Jersey Devils
63.1%
San Diego Padres
62.6%
Texas Rangers
62.6%
Indianapolis Colts
61.5%
Memphis Grizzlies
60.7%
Sacramento Kings
60.7%
Nashville Predators
60.3%
Brooklyn Nets
58.8%
San Jose Sharks
58.6%
Orlando Magic
58.3%
Charlotte Hornets
58.1%
Phoenix Suns
57%
Oakland Athletics
56.1%
Anaheim Ducks
51.2%
Vegas Golden Knights
47.4%
Remove Ads.
Support Sporcle.
Get the best of Sporcle when you Go Orange. This ad-free experience offers more features, more stats, and more fun while also helping to support Sporcle. Thank you for becoming a member.

You're not logged in!

Compare scores with friends on all Sporcle quizzes.
OR
Log In

Show Comments

Extras

Top Quizzes Today


Score Distribution

Your Account Isn't Verified!

In order to create a playlist on Sporcle, you need to verify the email address you used during registration. Go to your Sporcle Settings to finish the process.

Report this User

Report this user for behavior that violates our Community Guidelines.

Details: